Los derechos del niño en la familia; discurso y realidad (Registro nro. 4327)

Detalles MARC
000 -Cabecera
Campo de control de longitud fija 00692aam a2200253 4500
005 - Fecha y hora de la última transacción
Campo de control 20250724113112.0
008 - Elementos de longitud fija--Información general
Campo de control de longitud fija 150408b1998 xxu||||| |||| 00| 0 spa d
020 ## - International Standard Book Number
Número Internacional Estándar del Libro (ISBN) 9506792356
041 ## - Idioma
Código de idioma Español
082 ## - Clasificación Decimal Dewey
Número de clasificación 362.7 D429d
245 ## - Título propiamente dicho
Título Los derechos del niño en la familia; discurso y realidad
260 ## - Pie de imprenta
Lugar de publicación, distribución, etc. Argentina
260 ## - Pie de imprenta
Nombre del editor, distribuidor, etc. Universidad
260 ## - Pie de imprenta
Fecha de publicación, distribución, etc. 1998
300 ## - Descripción física
Extensión 413 páginas
490 ## - Serie
Título de la Serie Investigación Criminal
650 ## - Materia general
Temática (materia general) DERECHOS DEL NIÑO
650 ## - Materia general
Temática (materia general) DEBERES DEL NIÑO
650 ## - Materia general
Temática (materia general) VIOLACIÓN DE LOS DERECHOS
650 ## - Materia general
Temática (materia general) ADOPCIÓN
650 ## - Materia general
Temática (materia general) DERECHOS DE LOS HIJOS
650 ## - Materia general
Temática (materia general) DERECHO A LA IDENTIDAD DEL NIÑO DISCAPACITADO
942 ## - Punto de acceso adicional KOHA
Tipo de ítem KOHA Libro
Fuente del sistema de clasificación o colocación Dewey Decimal Classification
Existencias
Signatura completa Código de barras Programa Académico Tipo de ítem
362.7 D429d 13251 Investigación Criminal Libro